[Event "Tenerife-ch Seniors"]
[Site "Laguna-Cotelec"]
[Date "2014.03.05"]
[Round "3.2"]
[White "Gonzalez Martin, Jose"]
[Black "Garcia Lorenzo, Jaime"]
[Result "0-1"]
[WhiteElo "1663"]
[BlackElo "1208"]
[PlyCount "112"]
[EventDate "2014.02.21"]
[EventType "swiss"]
[EventRounds "9"]
[EventCountry "ESP"]
[SourceTitle "EXT 2024"]
[Source "ChessBase"]
[SourceDate "2023.10.10"]
[SourceVersion "1"]
[SourceVersionDate "2023.10.10"]
[SourceQuality "1"]

1. d4 d5 2. c4 dxc4 3. Nf3 Nf6 4. Nc3 c6 5. e4 Be6 6. Ng5 Qd7 7. e5 h6 8. Nge4 Nd5 9. Nc5 Nxc3 10. bxc3 Qd5 11. Nxe6 Qxe6 12. Be2 Nd7 13. 0-0 0-0-0 14. Qa4 Kb8 15. Bxc4 Nb6 16. Bxe6 Nxa4 17. Bxf7 Nxc3 18. Be3 Ne2+ 19. Kh1 Nxd4 20. Rad1 c5 21. Bxd4 cxd4 22. Rd3 g5 23. g3 Bg7 24. f4 b5 25. Rb1 a6 26. a4 Rhf8 27. e6 Rd5 28. Rc1 bxa4 29. Rc4 Ra5 30. Rb4+ Kc7 31. Ra3 Rb8 32. Rxb8 Kxb8 33. Bg6 Kc7 34. Bc2 Kd6 35. f5 Ke5 36. Kg2 g4 37. Kf2 h5 38. Kg2 Bh6 39. h3 Bc1 40. Ra1 Bd2 41. Bxa4 Bc3 42. Ra2 Kxf5 43. Bc2+ Kxe6 44. Rxa5 Bxa5 45. Bd3 Kd5 46. Bxa6 e5 47. hxg4 hxg4 48. Kf2 e4 49. Be2 Bb6 50. Bxg4 d3+ 51. Ke1 Bc7 52. Kf2 Kd4 53. Bd1 Bb6 54. g4 Ke5+ 55. Kg3 e3 56. Kf3 Kf6 0-1

[Event "Tenerife Promocion Agosto 2"]
[Site "Tenerife"]
[Date "2013.09.02"]
[Round "7.2"]
[White "Gutierrez Garcia, Ramon"]
[Black "Gonzalez Martin, Jose"]
[Result "0-1"]
[WhiteElo "1506"]
[BlackElo "1678"]
[PlyCount "92"]
[EventDate "2013.08.19"]
[EventType "tourn"]
[EventRounds "9"]
[EventCountry "ESP"]
[SourceTitle "EXT 2024"]
[Source "ChessBase"]
[SourceDate "2023.10.10"]
[SourceVersion "1"]
[SourceVersionDate "2023.10.10"]
[SourceQuality "1"]

1. d4 Nf6 2. c4 c6 3. Nc3 d5 4. Bg5 e6 5. Nf3 Nbd7 6. cxd5 exd5 7. e3 Qa5 8. Bd3 Ne4 9. Qc2 Nxg5 10. Nxg5 Nf6 11. 0-0 h6 12. Nf3 Bd6 13. e4 dxe4 14. Nxe4 Nxe4 15. Bxe4 0-0 16. h3 Be6 17. a3 Qh5 18. Nh2 Rad8 19. f4 f5 20. Bd3 Bd5 21. Bc4 Qf7 22. Bxd5 Qxd5 23. Rad1 Rfe8 24. Rf3 Re4 25. Qb3 Bxf4 26. Qxd5+ Rxd5 27. Rfd3 Be3+ 28. Kh1 Rdxd4 29. Rxd4 Rxd4 30. Rxd4 Bxd4 31. b3 Bb2 32. a4 b5 33. axb5 cxb5 34. Kg1 a5 35. Nf3 a4 36. bxa4 bxa4 37. Ne1 a3 38. Nc2 a2 39. Kf2 a1Q 40. Nxa1 Bxa1 41. Kf3 Kf7 42. g4 Kf6 43. h4 g5 44. h5 Ke5 45. Ke3 fxg4 46. Kf2 Kf4 0-1

[Event "Tenerife Promocion Agosto 2"]
[Site "Tenerife"]
[Date "2013.08.19"]
[Round "1.3"]
[White "Gonzalez Martin, Jose"]
[Black "Medina Sanchez, Gines"]
[Result "1/2-1/2"]
[WhiteElo "1678"]
[BlackElo "1745"]
[PlyCount "74"]
[EventDate "2013.08.19"]
[EventType "tourn"]
[EventRounds "9"]
[EventCountry "ESP"]
[SourceTitle "EXT 2024"]
[Source "ChessBase"]
[SourceDate "2023.10.10"]
[SourceVersion "1"]
[SourceVersionDate "2023.10.10"]
[SourceQuality "1"]

1. e4 e5 2. Nf3 Nc6 3. Bc4 Bc5 4. c3 Nf6 5. d4 exd4 6. cxd4 Bb4+ 7. Bd2 Nxe4 8. Bxb4 Nxb4 9. Bxf7+ Kxf7 10. Qb3+ d5 11. Ne5+ Kf6 12. Qxb4 Qd6 13. Qb3 Rf8 14. 0-0 c6 15. f3 Ng5 16. Nd2 Ne6 17. Qe3 Bd7 18. f4 Be8 19. Qf2 g6 20. f5 gxf5 21. Qh4+ Kg7 22. Ndf3 Bg6 23. Rae1 Rae8 24. Qf2 Rh8 25. Nh4 Ref8 26. Qd2 Rf6 27. g4 f4 28. Re2 Rhf8 29. Rfe1 Be4 30. Rxe4 dxe4 31. Nf5+ Rxf5 32. gxf5 Rxf5 33. Rxe4 Ng5 34. Qg2 Kf6 35. Ng4+ Kg6 36. Ne5+ Kf6 37. Ng4+ Kg6 1/2-1/2

[Event "Tenerife-ch Veterans"]
[Site "Santa Cruz de Tenerife"]
[Date "2013.04.01"]
[Round "1"]
[White "Garcia Cruz, Francisco"]
[Black "Gonzalez Martin, Jose"]
[Result "0-1"]
[WhiteElo "1567"]
[BlackElo "1660"]
[PlyCount "51"]
[EventDate "2013.04.01"]
[EventType "tourn"]
[EventRounds "9"]
[EventCountry "ESP"]
[SourceTitle "EXT 2015"]
[Source "ChessBase"]
[SourceDate "2014.11.20"]
[SourceVersion "1"]
[SourceVersionDate "2014.11.20"]
[SourceQuality "1"]

1. d4 Nf6 2. c4 e6 3. Bg5 d5 4. Nd2 Nbd7 5. e3 c6 6. a3 Be7 7. Ngf3 0-0 8. Bd3 h6 9. Bh4 b6 10. h3 Re8 11. 0-0 Qc7 12. Rc1 Qd8 13. Bg3 Bb7 14. cxd5 exd5 15. Nh4 Ne4 16. Bxe4 Bxh4 17. Bxh4 Qxh4 18. Bf5 Nf6 19. Qf3 Ne4 20. Nxe4 dxe4 21. Qe2 Qf6 22. Qg4 Bc8 23. Bxc8 Raxc8 24. Rc2 Qe6 25. Qf4 g5 26. Qg3 0-1

[Event "Tenerife-ch"]
[Site "Santa Cruz de Tenerife"]
[Date "2013.03.06"]
[Round "3"]
[White "Gonzalez Martin, Jose"]
[Black "Perez Castro, Victor"]
[Result "1-0"]
[WhiteElo "1662"]
[BlackElo "1253"]
[PlyCount "65"]
[EventDate "2013.03.04"]
[EventType "swiss"]
[EventRounds "9"]
[EventCountry "ESP"]
[SourceTitle "CBM 153 Extra"]
[Source "ChessBase"]
[SourceDate "2013.04.22"]
[SourceVersion "1"]
[SourceVersionDate "2013.04.22"]
[SourceQuality "1"]

1. e4 c5 2. Nf3 d6 3. d4 cxd4 4. Nxd4 Nf6 5. Nc3 Nc6 6. Bc4 a6 7. Be3 Ne5 8. Bb3 Qc7 9. Qe2 b5 10. f3 b4 11. Na4 Bd7 12. g4 h6 13. 0-0-0 Nfxg4 14. fxg4 Bxg4 15. Qf2 Bxd1 16. Rxd1 e6 17. Qg3 g6 18. Bf4 Bg7 19. Nxe6 Qe7 20. Nxg7+ Kf8 21. Nb6 Kxg7 22. Bxe5+ dxe5 23. Rd7 Qg5+ 24. Qxg5 hxg5 25. Rxf7+ Kh6 26. Nxa8 Rxa8 27. Rf6 Rg8 28. Re6 Rf8 29. Rxe5 Kh5 30. Re6 Kh4 31. e5 Kh5 32. Rf6 Rh8 33. e6 1-0

[Event "Tenerife-chT-A1"]
[Site "Tenerife"]
[Date "2013.02.16"]
[Round "4.4"]
[White "Gonzalez Martin, Jose"]
[Black "Paz Mendez, German Christopher"]
[Result "1-0"]
[WhiteElo "1662"]
[BlackElo "1718"]
[PlyCount "61"]
[EventDate "2013.01.19"]
[EventType "team-tourn"]
[EventRounds "14"]
[EventCountry "ESP"]
[SourceTitle "EXT 2014"]
[Source "ChessBase"]
[SourceDate "2013.11.20"]
[SourceVersion "1"]
[SourceVersionDate "2013.11.20"]
[SourceQuality "1"]
[WhiteTeam "Piratas La Orotava"]
[BlackTeam "Universidad Asados Los Guanches"]
[WhiteTeamCountry "ESP"]
[BlackTeamCountry "ESP"]

1. e4 c5 2. Nf3 Nc6 3. d4 cxd4 4. Nxd4 e5 5. Nf3 d6 6. Nc3 Nf6 7. Bg5 Be7 8. Qd2 0-0 9. Bc4 Bg4 10. h3 Bxf3 11. gxf3 Nd4 12. Qd3 a6 13. Bxf6 Bxf6 14. Nd5 b5 15. Bb3 Qa5+ 16. Kf1 Bh4 17. Rg1 Kh8 18. Rg4 g5 19. Ne7 Qd8 20. Nf5 Nxf5 21. exf5 f6 22. Rd1 Qb6 23. Rd2 Rfd8 24. Qd5 Ra7 25. Qe6 Kg7 26. f4 exf4 27. Rxh4 gxh4 28. f3 Kh8 29. Rg2 Rg7 30. Rxg7 Kxg7 31. Qe7+ 1-0

[Event "La Laguna op 1st"]
[Site "La Laguna"]
[Date "2007.03.05"]
[Round "1"]
[White "Gonzalez Martin, Jose"]
[Black "Zambrana, Oswaldo"]
[Result "0-1"]
[WhiteElo "1735"]
[BlackElo "2495"]
[PlyCount "54"]
[EventDate "2007.03.05"]
[EventType "swiss"]
[EventRounds "9"]
[EventCountry "ESP"]
[SourceTitle "CBM 117 Extra"]
[Source "ChessBase"]
[SourceDate "2007.05.09"]
[SourceVersion "1"]
[SourceVersionDate "2007.05.09"]
[SourceQuality "1"]

1. e4 c5 2. Nf3 d6 3. d4 cxd4 4. Nxd4 Nf6 5. Nc3 a6 6. Bc4 e6 7. Bb3 Qc7 8. Be3 b5 9. Qe2 Be7 10. f3 0-0 11. g4 b4 12. Na4 Bb7 13. g5 Nfd7 14. h4 Nc6 15. a3 Nxd4 16. Bxd4 bxa3 17. bxa3 Bc6 18. Kf2 Kh8 19. Nc3 Qa5 20. Nd1 f5 21. Bd5 exd5 22. exd5 Qxd5 23. c3 Ne5 24. Rh3 f4 25. Nb2 Rab8 26. Nd3 Bb5 27. Nb4 Qe6 0-1